Resoluciones del consejo de ministros de relaciones exteriores de la ALALC

Đã lưu trong:
Chi tiết về thư mục
Định dạng: Texto
Được phát hành: Montevideo: Síntesis ALALC
Các nhãn: Thêm thẻ
Không có thẻ, Là người đầu tiên thẻ bản ghi này!

MARC

LEADER 00000 a a2200000 04500
001 22695
003
040
090 |a 155700  
245 |a Resoluciones del consejo de ministros de relaciones exteriores de la ALALC  
260 |a Montevideo:   |b Síntesis ALALC  
300 |a 18 p.  
999 |c 12774  |d 12774